000
00253nam a22001217a 4500
008
181017b xxu||||| |||| 00| 0 eng d
041
_a
eng
080
_a
316
100
_a
50
101
_a
SOC
245
_a
Primate Visions
_c
Donna.H
942
_2
udc
_c
BK
999
_c
50018
_d
50018